|
|
|
|
| LEADER |
00673nab a2200193 i 4500 |
| 001 |
acta15947 |
| 005 |
20210326130803.0 |
| 008 |
161015s2002 hu o 0|| eng d |
| 022 |
|
|
|a 0001-6969
|
| 040 |
|
|
|a SZTE Egyetemi Kiadványok Repozitórium
|b hun
|
| 041 |
|
|
|a eng
|
| 100 |
1 |
|
|a Erdélyi Tamás
|
| 245 |
1 |
0 |
|a Bernstein inequalities for polynomials with constrained roots
|h [elektronikus dokumentum] /
|c Erdélyi Tamás
|
| 260 |
|
|
|c 2002
|
| 300 |
|
|
|a 937-952
|
| 490 |
0 |
|
|a Acta scientiarum mathematicarum
|v 68 No. 3-4
|
| 695 |
|
|
|a Matematika
|
| 700 |
0 |
1 |
|a Szabados József
|e aut
|
| 856 |
4 |
0 |
|u http://acta.bibl.u-szeged.hu/15947/1/math_068_numb_003_004_937-952.pdf
|z Dokumentum-elérés
|